| 000 | 00347nam a2200133Ia 4500 | ||
|---|---|---|---|
| 008 | 240624s9999 xx 000 0 und d | ||
| 041 | _aeng | ||
| 082 | _a828 CAI | ||
| 100 | _aCAIOLI LUCA | ||
| 245 | _aSUAREZ THE EXTRAORDINARY STORY BEHIND FO | ||
| 260 |
_c2015 _aLondon _bIcon Books Ltd |
||
| 300 | _avi, : 217 : p. : cm. ; 19 | ||
| 365 |
_cRS _b30 |
||
| 999 |
_c26866 _d26866 |
||